000 00389nam a2200133Ia 4500
008 100328s9999 xx 000 0 und d
082 _b3960
100 _aवरेरकर भार्गवराम विठ्ठल
245 _aलढाईनंतर
260 _bअभिनव
630 _aलढाईनंतर
730 _aलढाईनंतर
942 _cBOOK
999 _c500064
_d500061